Normal view MARC view
  • Sarwar, Maria

Entry Personal Name

Number of records used in: 1

001 - CONTROL NUMBER

  • control field: 120293

003 - CONTROL NUMBER IDENTIFIER

  • control field: NUST

005 - DATE AND TIME OF LATEST TRANSACTION

  • control field: 20240212155237.0

008 - FIXED-LENGTH DATA ELEMENTS

  • fixed length control field: 240212|| aca||aabn | a|a d

040 ## - CATALOGING SOURCE

  • Original cataloging agency: NUST
  • Transcribing agency: NUST

100 ## - HEADING--PERSONAL NAME

  • Personal name: Sarwar, Maria

670 ## - SOURCE DATA FOUND

  • Source citation: Work cat.: (NUST): Sarwar, Maria, A BIPOLAR NEUTROSOPHIC OPTIMIZATION MODEL FOR A MEDICAL WASTE SUPPLY CHAIN NETWORK DESIGN/
© 2023 Central Library, National University of Sciences and Technology. All Rights Reserved.